000 00371nam a2200157Ia 4500
008 221030s9999 xx 000 0 und d
020 _a8174880682
041 _aEnglish
082 _a105.23
_bAro
100 _aM. G. Arora
245 0 _aStructure of Atom
_cby M. G. Arora
260 _bAnmol Pub
_aNew Delhi
_c1995
300 _a158
650 _aChemistry
942 _cBK
999 _c5704
_d5704